Welche Sprache ist das? - Statistiken

Allgemein
  • Dieses Quiz wurde 72 mal gespielt
  • Das Durchschnittsergebnis liegt bei 7 aus 20
Antwortstatistiken
Hint Antwort % Korrekt
sprache deutsch
94%
言語 japanisch
86%
язык russisch
84%
언어 koreanisch
77%
لغة arabisch
64%
langue französisch
63%
lingua italienisch
61%
ngôn ngữ vietnamesisch
48%
भाषा hindi
44%
שָׂפָה hebräisch
31%
taal afrikaans / niederländisches
27%
bahasa indonesisch
23%
tungumál isländisch
8%
ភាសា khmer
5%
wika philippinisch
3%
hizkuntza baskisch
2%
lingvo esperanto
2%
ʻōlelo hawaiisch
0%
gbegbᴐgblᴐ (African Language) ewe
0%
reo maori
0%
Keine übereinstimmenden Quizze gefunden
Verteilung der Resultate
Anzahl Personen mit jedem Resultat
Perzentil nach korrekt beantworteten Fragen
Ihre Resultats-Entwicklung
Sie haben dieses Quiz noch nicht gespielt